[Event "Lichtenberger Sommer 2024"]
[Site "Berlin"]
[Date "2024.08.15"]
[Round "6.23"]
[White "Vogel, Robert"]
[Black "Fock, Madiha"]
[Result "1-0"]
[WhiteElo "2079"]
[BlackElo "1922"]
[PlyCount "43"]
[EventDate "2024.08.10"]
[WhiteTeam "SK München Südost e.V."]
[BlackTeam "TSG Oberschöneweide e.V."]

1. d4 Nf6 2. c4 g6 3. Nc3 d5 4. Nf3 Bg7 5. Bf4 O-O 6. Rc1 c5 7. dxc5 dxc4 8. e4
Qa5 9. e5 Ne4 10. Bxc4 Nxc5 11. O-O Be6 12. Nd5 Bxd5 13. Bxd5 e6 14. Rxc5 Qb4
15. Be3 exd5 16. Qxd5 Nc6 17. Rb5 Rad8 18. Qxc6 Qa4 19. Qxb7 Rd1 20. b3 Rxf1+
21. Kxf1 Qxa2 22. g3 1-0

[Event "Lichtenberger Sommer 2024"]
[Site "Berlin"]
[Date "2024.08.15"]
[Round "6.24"]
[White "Asatryan, Tigran"]
[Black "Grillich, Alexander"]
[Result "1-0"]
[WhiteElo "2036"]
[BlackElo "1915"]
[PlyCount "67"]
[EventDate "2024.08.10"]
[WhiteTeam "vereinslos"]
[BlackTeam "SC Rochade e.V."]

1. e4 c5 2. Nf3 d6 3. d4 cxd4 4. Nxd4 Nf6 5. Nc3 a6 6. Be3 e5 7. Nb3 Qc7 8. Qd2
Be7 9. f3 Be6 10. g4 Nc6 11. O-O-O b5 12. h4 Rc8 13. g5 Nd7 14. Nd5 Bxd5 15.
exd5 Nb4 16. Rh2 Nxc2 17. Kb1 Nxe3 18. Qxe3 Qb6 19. Qe1 h6 20. g6 fxg6 21. Bd3
Kd8 22. Na5 Nb8 23. f4 Bf6 24. Bxg6 Rc7 25. fxe5 Bxe5 26. Re2 Re7 27. Nc6+ Nxc6
28. dxc6 Kc7 29. Qb4 a5 30. Rxe5 axb4 31. Rxe7+ Kxc6 32. Be4+ Kc5 33. Rd5+ Kc4
34. b3+ 1-0

[Event "Lichtenberger Sommer 2024"]
[Site "Berlin"]
[Date "2024.08.15"]
[Round "6.25"]
[White "Jeß, Arne"]
[Black "Pueschel, Werner"]
[Result "0-1"]
[WhiteElo "1918"]
[BlackElo "2013"]
[PlyCount "82"]
[EventDate "2024.08.10"]
[WhiteTeam "TSG Rot-Weiß Fredersdorf/Vogelsd"]
[BlackTeam "vereinslos"]

1. e4 c5 2. Nf3 e6 3. d4 cxd4 4. Nxd4 a6 5. Bd3 Nf6 6. O-O Qc7 7. Nc3 Nc6 8.
Nxc6 dxc6 9. b3 b5 10. Bb2 Bd6 11. h3 h5 12. Ne2 Bh2+ 13. Kh1 Be5 14. Bxe5 Qxe5
15. f4 Qc5 16. e5 Nd5 17. Qd2 g6 18. c4 bxc4 19. Bxc4 Bb7 20. Rf3 O-O-O 21. Qc1
Qb6 22. a3 Ne7 23. Rc3 Kb8 24. Ra2 Qf2 25. Rf3 Qh4 26. Kh2 Nf5 27. g3 Qe7 28.
b4 Qc7 29. Rd2 Qb6 30. Qd1 Rxd2 31. Qxd2 Rd8 32. Qe1 c5 33. Rb3 Qc6 34. Qg1
cxb4 35. Rxb4 Rd2 36. h4 a5 37. Bb5 Qf3 38. Rb1 Nxh4 39. Ba6 Rxe2+ 40. Bxe2
Qxe2+ 41. Kh3 Qg4+ 0-1

[Event "Lichtenberger Sommer 2024"]
[Site "Berlin"]
[Date "2024.08.15"]
[Round "6.26"]
[White "Schulz, Jannis"]
[Black "Groot, Patrick"]
[Result "1-0"]
[WhiteElo "1897"]
[BlackElo "2008"]
[PlyCount "53"]
[EventDate "2024.08.10"]
[WhiteTeam "Barnimer SF im SV Sta"]
[BlackTeam "SF Berlin 1903 e.V."]

1. d4 d5 2. Nf3 Nf6 3. e3 c5 4. b3 cxd4 5. exd4 Nc6 6. Bb2 Bf5 7. a3 e6 8. Be2
Bd6 9. O-O Rc8 10. Nbd2 O-O 11. c4 dxc4 12. Nxc4 Bb8 13. Ne3 Be4 14. Rc1 Qd6
15. g3 Rfd8 16. Ne5 Nxd4 17. Qxd4 Rxc1 18. Rxc1 Qe7 19. Qc3 h5 20. Rd1 h4 21.
Rxd8+ Qxd8 22. Qd4 Qc7 23. N5g4 hxg3 24. Nxf6+ gxf6 25. hxg3 Bg6 26. Qxf6 Kf8
27. Bb5 1-0

[Event "Lichtenberger Sommer 2024"]
[Site "Berlin"]
[Date "2024.08.15"]
[Round "6.27"]
[White "Krüger, Ekkehard"]
[Black "Buttkus, Andre"]
[Result "0-1"]
[WhiteElo "1894"]
[BlackElo "2005"]
[PlyCount "52"]
[EventDate "2024.08.10"]
[WhiteTeam "SG NARVA Berlin e.V."]
[BlackTeam "SK Tempelhof 1931 e.V."]

1. c4 e6 2. Nf3 d5 3. d4 Nf6 4. Nc3 Be7 5. Bf4 O-O 6. e3 b6 7. cxd5 Nxd5 8.
Nxd5 Qxd5 9. a3 c5 10. dxc5 Qxc5 11. Be2 Bf6 12. Qb3 Bb7 13. Qa2 Qc2 14. Nd4
Bxd4 15. exd4 Nc6 16. Be3 Ne7 17. Rc1 Qg6 18. Rg1 Rac8 19. Qb3 Rxc1+ 20. Bxc1
Qb1 21. Qd1 Rc8 22. Kd2 Be4 23. f3 Bc2 24. Qf1 Bg6 25. Bd3 Rc2+ 26. Bxc2 Qxc2+
0-1

[Event "Lichtenberger Sommer 2024"]
[Site "Berlin"]
[Date "2024.08.15"]
[Round "6.28"]
[White "Matiashvili, Alexander Michael"]
[Black "Möller, Jared William"]
[Result "0-1"]
[WhiteElo "1892"]
[BlackElo "1991"]
[PlyCount "94"]
[EventDate "2024.08.10"]
[WhiteTeam "SV Königsjäger Süd-West e.V."]
[BlackTeam "SV Glück auf Rüdersdorf e.V."]

1. e4 c5 2. Nf3 Nc6 3. d4 cxd4 4. Nxd4 Nf6 5. Nc3 e6 6. Be3 Bb4 7. f3 d5 8.
Nxc6 bxc6 9. e5 Nd7 10. f4 O-O 11. Be2 f6 12. exf6 Nxf6 13. O-O Bd6 14. g4 Qc7
15. g5 Ne8 16. Qd2 Rb8 17. b3 c5 18. Nb5 Rxb5 19. Bxb5 d4 20. Bxe8 dxe3 21.
Qxe3 Rxe8 22. h4 c4 23. Qe4 cxb3 24. axb3 Bb7 25. Qc4 Qxc4 26. bxc4 Be4 27. Kh2
Bc5 28. c3 Bd3 29. Rfd1 Bxc4 30. Rd7 Bb5 31. Rdd1 Bb6 32. Rab1 Bc4 33. Rb4 Rc8
34. Rd7 Bd5 35. f5 Bc6 36. Rd1 exf5 37. Rc4 Bb7 38. Rb4 Be4 39. c4 Bc5 40. Rb5
Bb6 41. Rb4 Be3 42. Ra1 a5 43. Rb5 a4 44. Ra5 Bc2 45. Ra2 Bb3 46. Re2 f4 47. h5
Rf8 0-1

[Event "Lichtenberger Sommer 2024"]
[Site "Berlin"]
[Date "2024.08.15"]
[Round "6.29"]
[White "Costello, Colin"]
[Black "Hauer, Andreas"]
[Result "1/2-1/2"]
[WhiteElo "1956"]
[BlackElo "1911"]
[PlyCount "83"]
[EventDate "2024.08.10"]
[WhiteTeam "SC Zugzwang 95 e.V."]
[BlackTeam "SC Turm Illingen"]

1. c4 e5 2. Nc3 Nf6 3. Nf3 Nc6 4. d3 Bb4 5. g3 Bxc3+ 6. bxc3 O-O 7. Bg2 e4 8.
Nd4 exd3 9. exd3 Re8+ 10. Be3 Ne5 11. O-O d6 12. Bf4 c5 13. Nc2 Bg4 14. f3 Be6
15. Re1 Ng6 16. Bg5 h6 17. Bxf6 Qxf6 18. Qd2 d5 19. cxd5 Bxd5 20. f4 Bxg2 21.
Kxg2 Qc6+ 22. Kg1 Rxe1+ 23. Rxe1 Rd8 24. Ne3 Qd7 25. Nc4 Kh7 26. Re3 b6 27. Qg2
Re8 28. f5 Nf8 29. Ne5 Qxf5 30. g4 Qf4 31. Re4 Qc1+ 32. Qf1 Qxf1+ 33. Kxf1 f6
34. Nc6 Rxe4 35. dxe4 a6 36. e5 fxe5 37. Nxe5 g6 38. Ke2 Kg7 39. Kd3 Kf6 40.
Ke4 Ke6 41. Nd3 Kd6 42. Ne5 1/2-1/2

[Event "Lichtenberger Sommer 2024"]
[Site "Berlin"]
[Date "2024.08.15"]
[Round "6.30"]
[White "Idaczek, Günter"]
[Black "Besbudak, Özgür"]
[Result "1/2-1/2"]
[WhiteElo "1948"]
[BlackElo "1889"]
[PlyCount "145"]
[EventDate "2024.08.10"]
[WhiteTeam "SG NARVA Berlin e.V."]
[BlackTeam "SF Berlin 1903 e.V."]

1. Nf3 d5 2. g3 Nf6 3. d3 c5 4. Nbd2 Nc6 5. Bg2 e5 6. e4 d4 7. c4 Bd6 8. a3 a5
9. O-O h6 10. h3 Be6 11. Qe2 g5 12. Ne1 Qd7 13. Kh2 h5 14. Rb1 h4 15. g4 Nh7
16. Kg1 f6 17. Nb3 a4 18. Na1 O-O 19. Bd2 Rfb8 20. Nec2 b5 21. b4 axb3 22. Rxb3
bxc4 23. Rxb8+ Bxb8 24. Rb1 cxd3 25. Qxd3 c4 26. Qf1 Bd6 27. Nb4 Nxb4 28. Bxb4
Bxb4 29. Rxb4 Qa7 30. Nc2 d3 31. Ne3 Qxa3 32. Rb1 Nf8 33. Qd1 Nd7 34. Nd5 Bxd5
35. exd5 Qd6 36. Be4 Nc5 37. Qf3 Rc8 38. Qf5 Qc7 39. d6 Qd7 40. Bd5+ Kg7 41.
Rb7 Qxb7 42. Bxb7 d2 43. Bf3 Rd8 44. Bd1 Rxd6 45. Qc8 Ra6 46. Qxc5 Ra1 47. Qe7+
Kg6 48. Qe8+ Kh6 49. Qf8+ Kg6 50. Qg8+ Kh6 51. Qf8+ Kg6 52. Qe8+ Kh6 53. Qf8+
Kg6 54. Qg8+ Kh6 55. Qxc4 Rxd1+ 56. Kg2 Rg1+ 57. Kxg1 d1=Q+ 58. Kg2 Qd4 59. Qc6
Qd8 60. Qe4 Qd7 61. Qa8 Kg7 62. Qe4 Qe7 63. Kf3 Kf7 64. Qd5+ Ke8 65. Qc6+ Kd8
66. Qb6+ Kc8 67. Ke4 Qh7+ 68. Kd5 Qd3+ 69. Ke6 Qxh3 70. Qc6+ Kb8 71. Qb6+ Ka8
72. Qa6+ Kb8 73. Qb6+ 1/2-1/2

[Event "Lichtenberger Sommer 2024"]
[Site "Berlin"]
[Date "2024.08.15"]
[Round "6.31"]
[White "Argote, Carlos David"]
[Black "Sauer, Jakob"]
[Result "1-0"]
[WhiteElo "1941"]
[BlackElo "1644"]
[PlyCount "119"]
[EventDate "2024.08.10"]
[WhiteTeam "SK Zehlendorf e.V."]
[BlackTeam "TSG Oberschöneweide e.V."]

1. e4 e5 2. Nf3 Nc6 3. Bc4 Bc5 4. c3 Nf6 5. d3 h6 6. h3 a6 7. Bb3 d6 8. Nbd2 b5
9. Nf1 Bb7 10. Ng3 O-O 11. O-O Bb6 12. Nh2 Qd7 13. Nh5 Nh7 14. Qf3 Na5 15. Qg3
g5 16. Nf3 Qe7 17. Nh4 Nxb3 18. Nf5 Qe6 19. axb3 Kh8 20. Be3 Qg6 21. Bxb6 cxb6
22. Qf3 Bc8 23. Ne7 Qe6 24. Nd5 g4 25. hxg4 Qxg4 26. Qxg4 Bxg4 27. Ng3 h5 28.
f3 Be6 29. Nc7 h4 30. Nxa8 hxg3 31. Rxa6 Nf6 32. Nxb6 Nh5 33. Rfa1 Nf4 34. Ra8
Rxa8 35. Rxa8+ Kg7 36. d4 exd4 37. cxd4 Ne2+ 38. Kf1 Nxd4 39. Rd8 Nxb3 40. Rxd6
Na1 41. Ke2 Nc2 42. Kd2 Nb4 43. Nd5 Nxd5 44. exd5 Bh3 45. Rc6 Bxg2 46. Ke3 Bh3
47. Kf4 g2 48. Rc1 Kf6 49. Kg3 Bf5 50. Kxg2 Ke5 51. Rd1 Kd6 52. b4 Bc2 53. Rc1
Bb3 54. Rc5 Bc4 55. Kf2 Bxd5 56. Rxb5 Kc6 57. Rc5+ Kd6 58. Ke3 Be6 59. Kd4 Bh3
60. Rh5 1-0

[Event "Lichtenberger Sommer 2024"]
[Site "Berlin"]
[Date "2024.08.15"]
[Round "6.33"]
[White "Rosmait, Emily"]
[Black "Potgieter, Edward"]
[Result "1-0"]
[WhiteElo "1939"]
[BlackElo "1848"]
[PlyCount "71"]
[EventDate "2024.08.10"]
[WhiteTeam "TuRa Harksheide von 1945 Norders"]
[BlackTeam "Johannesburg Metro Chess"]

1. e4 e5 2. Nf3 Nc6 3. Bb5 a6 4. Ba4 Nf6 5. d3 b5 6. Bb3 Bc5 7. O-O d6 8. c3
Bb6 9. a4 Rb8 10. Na3 Na5 11. Ba2 c6 12. b4 Nb7 13. axb5 axb5 14. Nc2 O-O 15.
Be3 Be6 16. Bxe6 fxe6 17. Ng5 Re8 18. Ra6 Bxe3 19. Nxe3 Qd7 20. Ng4 Ra8 21.
Rxa8 Rxa8 22. f4 h6 23. Nxf6+ gxf6 24. Nh3 Nd8 25. fxe5 fxe5 26. Qh5 Qg7 27.
Nf2 Nf7 28. Ng4 Ra7 29. h4 Kh7 30. Nf6+ Kh8 31. g4 d5 32. g5 d4 33. cxd4 exd4
34. Kh1 Qf8 35. Ng4 Qxb4 36. g6 1-0

[Event "Lichtenberger Sommer 2024"]
[Site "Berlin"]
[Date "2024.08.15"]
[Round "6.34"]
[White "Kohlmeyer, Dagobert"]
[Black "Schmidt, Fabian"]
[Result "0-1"]
[WhiteElo "1872"]
[BlackElo "1934"]
[PlyCount "42"]
[EventDate "2024.08.10"]
[WhiteTeam "SG Weißensee 49 e.V."]
[BlackTeam "SV Königsjäger Süd-West e.V."]

1. e4 e5 2. Nf3 Nc6 3. Bb5 Nf6 4. O-O Nxe4 5. Re1 Nd6 6. Bxc6 dxc6 7. Nxe5 Be7
8. Qe2 Be6 9. d3 Nf5 10. c3 O-O 11. d4 Re8 12. Nf3 c5 13. Be3 cxd4 14. Nxd4
Nxd4 15. Bxd4 Bd6 16. Nd2 Qh4 17. Nf3 Qh5 18. Ne5 Qxe2 19. Rxe2 c5 20. Bxc5
Bxc5 21. Nd3 Bd6 0-1

[Event "Lichtenberger Sommer 2024"]
[Site "Berlin"]
[Date "2024.08.15"]
[Round "6.35"]
[White "Federau, Jürgen"]
[Black "Skowronski, Peter"]
[Result "1-0"]
[WhiteElo "2064"]
[BlackElo "1863"]
[PlyCount "57"]
[EventDate "2024.08.10"]
[WhiteTeam "SC Kreuzberg e.V."]
[BlackTeam "vereinslos"]

1. d4 g6 2. c4 Bg7 3. Nc3 e6 4. e4 Ne7 5. f4 d6 6. Nf3 Nd7 7. Be2 b6 8. O-O Bb7
9. Be3 O-O 10. Qd2 Nf6 11. d5 exd5 12. cxd5 c6 13. dxc6 Bxc6 14. Bd3 d5 15. e5
Ng4 16. Bd4 Nh6 17. Ne2 Qd7 18. Rad1 Nhf5 19. Bc3 h5 20. Ned4 Rac8 21. Rfe1 Bh6
22. g3 Ng7 23. Bb4 Rfe8 24. e6 Nxe6 25. Nxe6 fxe6 26. Ne5 Qd8 27. Nxg6 Nf5 28.
Ne5 Nd6 29. Qe2 1-0

[Event "Lichtenberger Sommer 2024"]
[Site "Berlin"]
[Date "2024.08.15"]
[Round "6.36"]
[White "Bornschein, Burkhard"]
[Black "Andersen, Guttorm"]
[Result "1-0"]
[WhiteElo "1996"]
[BlackElo "1835"]
[PlyCount "63"]
[EventDate "2024.08.10"]
[WhiteTeam "BSC Rehberge 1945 e.V."]
[BlackTeam "SK Stjernen"]

1. d4 d5 2. c4 e6 3. Nc3 c6 4. Nf3 Nf6 5. Bg5 Nbd7 6. cxd5 exd5 7. e3 Be7 8.
Qc2 Ne4 9. Nxe4 dxe4 10. Qxe4 Qa5+ 11. Kd1 f6 12. Bh4 Nb6 13. Qc2 Be6 14. Bg3
Rc8 15. e4 O-O 16. Bd3 Rfd8 17. Ke2 Bg4 18. Bc4+ Kh8 19. Rhd1 Qh5 20. Qb3 Nxc4
21. Qxc4 b5 22. Qb3 Qg6 23. Qe3 c5 24. h3 cxd4 25. Rxd4 Rxd4 26. Qxd4 Rc4 27.
Qxa7 Qxe4+ 28. Kf1 Qd3+ 29. Kg1 Bd7 30. Re1 Bf8 31. b3 Rc2 32. Nd4 1-0

[Event "Lichtenberger Sommer 2024"]
[Site "Berlin"]
[Date "2024.08.15"]
[Round "6.37"]
[White "Sklorz, Tobias"]
[Black "Shvedchikov, Sergei"]
[Result "1-0"]
[WhiteElo "1843"]
[BlackElo "1993"]
[PlyCount "115"]
[EventDate "2024.08.10"]
[WhiteTeam "TSV Mariendorf 1897"]
[BlackTeam "vereinslos"]

1. e4 c6 2. d4 d5 3. Nc3 dxe4 4. Nxe4 Nf6 5. Nxf6+ exf6 6. c3 Bd6 7. Bd3 Na6 8.
Qc2 h5 9. Ne2 Nc7 10. Be3 Nd5 11. a3 Be6 12. Bd2 g6 13. c4 Nc7 14. O-O-O b5 15.
d5 cxd5 16. c5 Be7 17. Nd4 Kf8 18. Rhe1 Qd7 19. c6 Qc8 20. Bf4 Ne8 21. Bxg6 Ng7
22. Bd3 b4 23. a4 a6 24. b3 Ra7 25. Kb2 Kg8 26. Re3 h4 27. Rde1 Bf8 28. c7 Rh5
29. Qc6 f5 30. Nxe6 fxe6 31. Rxe6 Nxe6 32. Rxe6 Bg7+ 33. Kb1 Kf7 34. Qxd5 Rxc7
35. Rc6+ Ke8 36. Rxc7 Qxc7 37. Bxc7 Bf6 38. Qe6+ Be7 39. Bxf5 Rg5 40. Bg6+ Rxg6
41. Qxg6+ Kd7 42. Qg7 Ke6 43. f4 Bf6 44. Qg4+ Ke7 45. f5 Kd7 46. Qc4 Bg5 47.
Qf7+ Kc6 48. Qg6+ Kxc7 49. Qxg5 a5 50. Qe7+ Kc6 51. f6 h3 52. g4 Kd5 53. f7 Kd4
54. Qd8+ Kc3 55. Qc8+ Kxb3 56. Qc2+ Ka3 57. Qd3+ b3 58. Qxb3+ 1-0

[Event "Lichtenberger Sommer 2024"]
[Site "Berlin"]
[Date "2024.08.15"]
[Round "6.38"]
[White "Sabrowski, Uwe"]
[Black "Mayer, Herbert"]
[Result "1/2-1/2"]
[WhiteElo "1992"]
[BlackElo "1802"]
[PlyCount "43"]
[EventDate "2024.08.10"]
[WhiteTeam "SC Friesen Lichtenberg e.V."]
[BlackTeam "SSV Rotation Berlin e.V."]

1. d4 d5 2. Nf3 Nf6 3. b3 g6 4. Bb2 Bg7 5. h3 O-O 6. e3 c5 7. Bd3 cxd4 8. exd4
Nc6 9. a3 Ne4 10. O-O Bf5 11. Nbd2 Nxd2 12. Qxd2 Bxd3 13. Qxd3 Rc8 14. Rfd1 e6
15. Qe2 Qb6 16. Rd3 Ne7 17. Ne5 Rc7 18. b4 Rfc8 19. c3 Nf5 20. Rf3 Nd6 21. a4
Nc4 22. Nxc4 1/2-1/2

[Event "Lichtenberger Sommer 2024"]
[Site "Berlin"]
[Date "2024.08.15"]
[Round "6.39"]
[White "Beran, Rolf-Dietrich"]
[Black "Drave, Samuel"]
[Result "0-1"]
[WhiteElo "1957"]
[BlackElo "1757"]
[PlyCount "100"]
[EventDate "2024.08.10"]
[WhiteTeam "SG Rot-Weiß Neuenhagen"]
[BlackTeam "SV Berolina Mitte e.V."]

1. c4 b6 2. Nc3 Bb7 3. e4 e6 4. d3 c5 5. Nf3 g6 6. Bg5 Be7 7. Bf4 a6 8. Be2 d6
9. O-O Bf6 10. Qd2 Bg7 11. Rad1 Ne7 12. Bh6 O-O 13. h4 d5 14. Bxg7 Kxg7 15.
cxd5 exd5 16. Qf4 d4 17. Nb1 h5 18. Ng5 Nd7 19. Qg3 Qb8 20. f4 Nf6 21. Rf2 Bc8
22. Rdf1 Neg8 23. Nd2 Nh6 24. Nc4 Nfg4 25. Bxg4 Nxg4 26. Re2 f6 27. Nf3 b5 28.
Ncd2 Be6 29. b3 Ra7 30. e5 Ne3 31. Rff2 Ng4 32. Rf1 f5 33. Ng5 Bd5 34. Rc1 Rc7
35. e6 Re8 36. Ndf3 Qb6 37. Ne5 c4 38. Rec2 Ne3 39. Ngf7 Qxe6 40. Re2 Rxf7 41.
bxc4 Rc7 42. Rb1 bxc4 43. Reb2 c3 44. Rb6 Bc6 45. Rxc6 Rxc6 46. Rb7+ Kg8 47.
Qg5 c2 48. Qh6 c1=Q+ 49. Kh2 Rc7 50. Nxg6 Ng4+ 0-1

[Event "Lichtenberger Sommer 2024"]
[Site "Berlin"]
[Date "2024.08.15"]
[Round "6.40"]
[White "Scheide, Helmut"]
[Black "Maxin, Falko"]
[Result "1-0"]
[WhiteElo "1946"]
[BlackElo "1755"]
[PlyCount "85"]
[EventDate "2024.08.10"]
[WhiteTeam "USV Potsdam e.V., Abt. Schach"]
[BlackTeam "TSG Oberschöneweide e.V."]

1. Nf3 d5 2. d4 Nf6 3. c4 e6 4. e3 b6 5. a3 Bb7 6. Nc3 Bd6 7. Bd3 O-O 8. cxd5
exd5 9. Qe2 a6 10. Ne5 Nbd7 11. f4 Ne4 12. Bxe4 dxe4 13. O-O b5 14. Qc2 Nf6 15.
Bd2 c5 16. Rad1 cxd4 17. exd4 Rc8 18. Be1 Nd5 19. Qe2 Nxc3 20. Bxc3 Bxa3 21.
Qg4 f6 22. Qe6+ Kh8 23. Nf7+ Rxf7 24. Qxf7 Bd5 25. Qh5 g6 26. Qh3 Bd6 27. Ba5
Qe8 28. Rc1 Bc4 29. b3 Be6 30. Rxc8 Qxc8 31. Qe3 f5 32. Rc1 Qb8 33. g3 h6 34.
d5 Bf7 35. Qd4+ Kg8 36. Bc3 Kf8 37. Bb4 Ke7 38. Qe5+ Kd7 39. Qg7 Qe8 40. Bxd6
Kxd6 41. Qf6+ Kxd5 42. Rd1+ Kc5 43. Qd6# 1-0

[Event "Lichtenberger Sommer 2024"]
[Site "Berlin"]
[Date "2024.08.15"]
[Round "6.41"]
[White "Regel, Michael"]
[Black "Reiche, Henry"]
[Result "1/2-1/2"]
[WhiteElo "1804"]
[BlackElo "1945"]
[PlyCount "89"]
[EventDate "2024.08.10"]
[WhiteTeam "SC Friesen Lichtenberg e.V."]
[BlackTeam "SG Weißensee 49 e.V."]

1. Nf3 Nf6 2. g3 g6 3. Bg2 Bg7 4. O-O O-O 5. d4 d5 6. c4 c6 7. Nc3 Bg4 8. Ne5
Be6 9. c5 Nbd7 10. f4 Nxe5 11. fxe5 Ne8 12. b4 a6 13. Bf4 Nc7 14. a4 Qd7 15.
Qd2 Bh3 16. Bh6 Bxg2 17. Kxg2 Ne6 18. Bxg7 Nxg7 19. Rf3 f6 20. exf6 exf6 21.
Rd1 f5 22. Rb1 Nh5 23. h3 Nf6 24. b5 axb5 25. axb5 Ne4 26. Nxe4 fxe4 27. Rxf8+
Rxf8 28. bxc6 bxc6 29. Qh6 Qf5 30. Qf4 Qxf4 31. gxf4 Rxf4 32. Rb6 Rf6 33. Rb7
Rf7 34. Rb6 Rc7 35. Kg3 Kg7 36. Kf4 Kf6 37. h4 h6 38. Ra6 Ke6 39. Rb6 Rf7+ 40.
Kg4 Kd7 41. Rb7+ Ke8 42. Rb8+ Ke7 43. Rb6 Rf6 44. Rb7+ Kd8 45. Rg7 1/2-1/2

[Event "Lichtenberger Sommer 2024"]
[Site "Berlin"]
[Date "2024.08.15"]
[Round "6.42"]
[White "Guder, Sibylle"]
[Black "Krefenstein, Sergej"]
[Result "0-1"]
[WhiteElo "1915"]
[BlackElo "2004"]
[PlyCount "60"]
[EventDate "2024.08.10"]
[WhiteTeam "SF Berlin 1903 e.V."]
[BlackTeam "TuS Makkabi Berlin e.V."]

1. c4 c5 2. Nc3 Nf6 3. g3 d5 4. cxd5 Nxd5 5. Bg2 Nc7 6. Nf3 Nc6 7. b3 e5 8. Bb2
Be7 9. O-O O-O 10. Rc1 f6 11. Ne1 Bd7 12. Nd3 Ne6 13. Na4 b6 14. a3 Rc8 15. Nc3
Be8 16. Nd5 Bg6 17. Ne1 Bd6 18. Ne3 Ned4 19. Nf3 Bf7 20. Nxd4 exd4 21. Nf5 Qd7
22. e4 Be6 23. f4 Na5 24. b4 Nc4 25. Rxc4 Bxc4 26. d3 Be6 27. Re1 cxb4 28. Nxd4
Bc5 29. Qa1 Rcd8 30. f5 Bf7 0-1

[Event "Lichtenberger Sommer 2024"]
[Site "Berlin"]
[Date "2024.08.15"]
[Round "6.43"]
[White "Eis, Cedric"]
[Black "Reiche, Andreas"]
[Result "1-0"]
[WhiteElo "1860"]
[BlackElo "1939"]
[PlyCount "49"]
[EventDate "2024.08.10"]
[WhiteTeam "SF Berlin 1903 e.V."]
[BlackTeam "SV Berolina Mitte e.V."]

1. e4 e5 2. Nf3 Nc6 3. Bc4 Be7 4. d4 exd4 5. Nxd4 d6 6. O-O Nf6 7. Nc3 O-O 8.
Re1 Ne5 9. Bb3 c5 10. Nf5 Bxf5 11. exf5 c4 12. f4 Neg4 13. Qe2 cxb3 14. h3 Qb6+
15. Kh1 Nh5 16. Qxg4 Qf2 17. Be3 Ng3+ 18. Kh2 Nf1+ 19. Rxf1 Qxe3 20. Rfe1 Qd2
21. Re2 Qd4 22. Rxe7 bxc2 23. Re2 b5 24. Rxc2 b4 25. Ne2 1-0

[Event "Lichtenberger Sommer 2024"]
[Site "Berlin"]
[Date "2024.08.15"]
[Round "6.44"]
[White "Oldenburg, Theo"]
[Black "Schmidt, Dietrich"]
[Result "1-0"]
[WhiteElo "1762"]
[BlackElo "1932"]
[PlyCount "57"]
[EventDate "2024.08.10"]
[WhiteTeam "SV Berolina Mitte e.V."]
[BlackTeam "SV Empor Berlin e.V."]

1. d4 Nf6 2. Nc3 d5 3. Bf4 c6 4. e3 Bg4 5. f3 Bd7 6. e4 dxe4 7. fxe4 e6 8. Nf3
Bb4 9. Bd3 c5 10. a3 Bxc3+ 11. bxc3 Bc6 12. e5 Nd5 13. Bg5 Qa5 14. O-O h6 15.
Bd2 Qc7 16. Qe1 Nd7 17. Be4 O-O-O 18. c4 Ne7 19. c3 Bxe4 20. Qxe4 Qc6 21. Qxc6+
Nxc6 22. Be3 Nb6 23. Nd2 cxd4 24. cxd4 Nxd4 25. Rxf7 Nc2 26. Bxb6 Rxd2 27. Ba5
Rd3 28. Ra2 Nxa3 29. Bb4 1-0

[Event "Lichtenberger Sommer 2024"]
[Site "Berlin"]
[Date "2024.08.15"]
[Round "6.45"]
[White "Muskewitz, Bernd"]
[Black "Allington, John C"]
[Result "1/2-1/2"]
[WhiteElo "1927"]
[BlackElo "1735"]
[PlyCount "96"]
[EventDate "2024.08.10"]
[WhiteTeam "SF Nordost Berlin"]
[BlackTeam "vereinslos"]

1. e4 c5 2. Nf3 e6 3. c3 d5 4. e5 Nc6 5. d4 Nge7 6. Bd3 Qc7 7. O-O Bd7 8. Re1
cxd4 9. cxd4 Nb4 10. Nc3 Nxd3 11. Qxd3 Ng6 12. Bg5 h6 13. Be3 Be7 14. Rac1 Qb6
15. g3 O-O 16. h4 Rfe8 17. h5 Nf8 18. g4 Nh7 19. Kh2 Rac8 20. Re2 Qd8 21. Rec2
a6 22. a3 Ng5 23. Nxg5 Bxg5 24. f4 Be7 25. Rg2 f6 26. Qg6 Rf8 27. exf6 Rxf6 28.
Qd3 Bd6 29. Rf1 Qf8 30. Rgf2 Qf7 31. Kg2 Rf8 32. Qd2 Kh8 33. Kg3 g5 34. hxg6
Rxg6 35. Rh1 Rfg8 36. Rh4 Qf5 37. Qe2 e5 38. Kh2 Rxg4 39. Rxh6+ Kg7 40. fxe5
Bxe5+ 41. Kh1 Bf4 42. Bxf4 Rxf4 43. Rxf4 Qxf4 44. Rh2 Re8 45. Rg2+ Kh6 46. Rh2+
Kg7 47. Rg2+ Kh6 48. Rh2+ Kg7 1/2-1/2

[Event "Lichtenberger Sommer 2024"]
[Site "Berlin"]
[Date "2024.08.15"]
[Round "6.46"]
[White "Rauscher, Joachim"]
[Black "Meister, Alexander"]
[Result "1/2-1/2"]
[WhiteElo "1803"]
[BlackElo "1925"]
[PlyCount "36"]
[EventDate "2024.08.10"]
[WhiteTeam "SC Brett vorm Kopp Ffm"]
[BlackTeam "vereinslos"]

1. e4 c6 2. d4 d5 3. Nc3 dxe4 4. Nxe4 Nd7 5. Nf3 e6 6. c3 Ngf6 7. Nxf6+ Nxf6 8.
Bd3 Be7 9. O-O O-O 10. Re1 b6 11. Qe2 h6 12. Ne5 Qc7 13. h3 Bd6 14. Bd2 Bb7 15.
Ng4 Qe7 16. Nxf6+ Qxf6 17. Qe4 Rfe8 18. c4 Kf8 1/2-1/2

[Event "Lichtenberger Sommer 2024"]
[Site "Berlin"]
[Date "2024.08.15"]
[Round "6.47"]
[White "Schmidt, Jürgen"]
[Black "Varazi, Maxime"]
[Result "1-0"]
[WhiteElo "1915"]
[BlackElo "1689"]
[PlyCount "49"]
[EventDate "2024.08.10"]
[WhiteTeam "SC Kreuzberg e.V."]
[BlackTeam "SV Empor Berlin e.V."]

1. e4 c5 2. Nf3 e6 3. d4 cxd4 4. Nxd4 Nc6 5. Nc3 Nf6 6. Be3 Bb4 7. Bd3 d5 8.
Nxc6 bxc6 9. exd5 cxd5 10. O-O O-O 11. Bg5 Bb7 12. Ne2 e5 13. c3 Bc5 14. Ng3 h6
15. Bd2 d4 16. Re1 Qd5 17. Ne4 Nd7 18. c4 Qc6 19. Bf1 Be7 20. f3 f5 21. Nf2 Qg6
22. Nd3 Bd6 23. c5 Bc7 24. Qb3+ Rf7 25. Qxb7 1-0

[Event "Lichtenberger Sommer 2024"]
[Site "Berlin"]
[Date "2024.08.15"]
[Round "6.48"]
[White "Uhlenbrock, Sven"]
[Black "Kapp, Frank"]
[Result "1/2-1/2"]
[WhiteElo "1780"]
[BlackElo "1905"]
[PlyCount "66"]
[EventDate "2024.08.10"]
[WhiteTeam "vereinslos"]
[BlackTeam "TSV IFA Chemnitz"]

1. d4 e6 2. Bf4 d5 3. e3 Nf6 4. Nd2 Bd6 5. Bg3 O-O 6. Bd3 b6 7. Ngf3 c5 8. c3
a5 9. Qe2 Ba6 10. Ne5 Bxd3 11. Qxd3 c4 12. Qc2 Qc7 13. e4 b5 14. exd5 exd5 15.
O-O Nbd7 16. Rfe1 Rfe8 17. Ndf3 Ne4 18. Nxd7 Qxd7 19. Bxd6 Qxd6 20. Nd2 Nf6 21.
Nf3 Rxe1+ 22. Rxe1 Re8 23. Rxe8+ Nxe8 24. Qe2 Qe6 25. Qxe6 fxe6 26. a3 h6 27.
Ne5 Nc7 28. Nc6 a4 29. Ne5 Kf8 30. g4 Ke7 31. Kg2 Ne8 32. Kg3 Nd6 33. f3 Kf6
1/2-1/2

[Event "Lichtenberger Sommer 2024"]
[Site "Berlin"]
[Date "2024.08.15"]
[Round "6.49"]
[White "Schmidt, Alexander Nadvid"]
[Black "Pimenov, Danil"]
[Result "0-1"]
[WhiteElo "1683"]
[BlackElo "1891"]
[PlyCount "62"]
[EventDate "2024.08.10"]
[WhiteTeam "SK Zehlendorf e.V."]
[BlackTeam "SC Borussia Lichtenberg"]

1. e4 c5 2. Nf3 Nc6 3. Nc3 e5 4. d3 h6 5. Be3 d6 6. h3 Be6 7. Be2 Nf6 8. O-O
Be7 9. Nd2 d5 10. exd5 Nxd5 11. Nxd5 Bxd5 12. Bf3 O-O 13. Bxd5 Qxd5 14. Ne4 Nd4
15. c4 Qe6 16. f4 f5 17. Nc3 Bd6 18. Re1 Qd7 19. Bxd4 cxd4 20. fxe5 dxc3 21.
exd6 cxb2 22. Rb1 Qxd6 23. Qb3 Qd4+ 24. Kh1 b6 25. Rxb2 Rae8 26. Rxe8 Rxe8 27.
c5+ Kh8 28. cxb6 Re1+ 29. Kh2 f4 30. h4 Qg1+ 31. Kh3 h5 0-1